000 00775nam a2200205 i 4500
001 87064
003 ES-MaACL
005 20250727090821.0
007 t|
008 041217s1946 sp ||||1| spa d
100 1 _aKoch, Arwed.
_968396
245 1 3 _aEl crédito en el Derecho /
_cArwed Koch ; traducción y notas del derecho español por José María Navas.
260 _aMadrid :
_bRevista de Derecho Privado,
_c[1946] (
_fGráficas González)
300 _a292 p. ;
_c23 cm.
490 1 _aMonografías fundamentales de derecho privado y público. Serie B ;
_v21
700 1 _aNavas, José María.
_985201
830 0 0 _aMonografías fundamentales de derecho privado y público
_v21
_9230222
852 _aES-MaACL
_jB-10750
_bR.22423
999 _c87064
_d87064